| 000 | 00782cam a2200277u 4500 | ||
|---|---|---|---|
| 001 | 21693 | ||
| 003 | BD-RjUL | ||
| 005 | 20211209000722.0 | ||
| 008 | 140305s1960 enk 000 0 eng d | ||
| 035 | _a(BD-RjUL)21758 | ||
| 040 |
_aDLC _cCarP _dDLC _dBD-RjUL _beng |
||
| 041 | _aeng | ||
| 082 | 0 | 0 |
_a883.1 _bHOA 1960 |
| 100 | 0 |
_aHomer s Iliad _966994 |
|
| 245 | 1 | 4 |
_aThe anger of Achilles / _cHomer |
| 250 | _a2nd ed | ||
| 260 |
_aLondon : _bCassell , _c1960 |
||
| 300 |
_axi,256p. ; _c24cm. |
||
| 650 | 0 |
_aAchilles (Greek mythology) _vPoetry. _966995 |
|
| 650 | 0 |
_aEpic poetry, Greek _vTranslations into English. _963587 |
|
| 700 | 1 |
_aGraves, Robert, _d1895-1985, _etr. _955177 |
|
| 942 |
_2ddc _cBK |
||
| 999 |
_c21693 _d21693 |
||